000 00674nam a2200289Ia 4500
005 20260324141845.0
008 008 260324s9999 xx 000 0 eng d
020 _a9780429501777
037 _aEBOOK
040 _aCRL
040 _beng
040 _cCRL
041 _2eng
041 _aeng
084 _qCRL
100 _aJohn Hutchinson
_91209780
245 0 _aChampions Of Charity
245 0 _bWar And The Rise Of The Red Cross
260 _bTaylor and Francis
260 _c1996
365 _a
365 _b230
856 _uhttp://www.taylorfrancis.com/books/9780429501777
942 _cEBOOK
999 _c1813297
_d1813297